Normal view
MARC view
Entry Personal Name
001 - CONTROL NUMBER
- control field: 86330
003 - CONTROL NUMBER IDENTIFIER
- control field: dpl
005 - DATE AND TIME OF LATEST TRANSACTION
- control field: 20260113151410.0
008 - FIXED-LENGTH DATA ELEMENTS
- fixed length control field: 260113|| aca||aabn | a|a d
040 ## - CATALOGING SOURCE
- Original cataloging agency: dpl
- Transcribing agency: dpl
100 ## - HEADING--PERSONAL NAME
- Personal name: सिंहल, शशिभूषण
670 ## - SOURCE DATA FOUND
- Source citation: Work cat.: (dpl)214095: सिंहल, शशिभूषण, युगद्रष्टा शिवाजी /, 2024
